<?xml version="1.0" encoding="UTF-8"?>
<record
    xmlns:xsi="http://www.w3.org/2001/XMLSchema-instance"
    xsi:schemaLocation="http://www.loc.gov/MARC21/slim http://www.loc.gov/standards/marcxml/schema/MARC21slim.xsd"
    xmlns="http://www.loc.gov/MARC21/slim">

  <leader>00990nam a22001457a 4500</leader>
  <controlfield tag="008">120821t        xxu||||| |||| 00| 0 eng d</controlfield>
  <datafield tag="050" ind1=" " ind2=" ">
    <subfield code="a">QA303.2.R21</subfield>
  </datafield>
  <datafield tag="100" ind1=" " ind2=" ">
    <subfield code="a">Ransom, William R.</subfield>
  </datafield>
  <datafield tag="245" ind1=" " ind2=" ">
    <subfield code="a">What calculus can do. /</subfield>
    <subfield code="c">William R. Ransom</subfield>
  </datafield>
  <datafield tag="260" ind1=" " ind2=" ">
    <subfield code="a">Portland, Maine:</subfield>
    <subfield code="b">J. Weston Walsh,</subfield>
    <subfield code="c">1967.</subfield>
  </datafield>
  <datafield tag="300" ind1=" " ind2=" ">
    <subfield code="a">ix, 142 p.:</subfield>
    <subfield code="b">ill.;</subfield>
  </datafield>
  <datafield tag="505" ind1=" " ind2=" ">
    <subfield code="a">Contents: Fundamentals -- Formulas for differentiation -- Rates -- Expansions -- Plane curves -- Integration -- Differential equations -- Second order differential equations -- Areas and definite integrals -- Limits --  Partial differentiation -- Extreme values -- Surfaces -- Space curves -- Fourier's series -- Complex numbers -- Variation -- Means and moments -- Laplace transforms -- Einstein's mass energy -- Further diverse applications -- Appendix\; Logarithms to base e =2.718, Hyperbolic, Inverse trigonometric, Logarithms of factorial N, Table of integrals, Condensed numerical table -- Index</subfield>
  </datafield>
  <datafield tag="650" ind1=" " ind2=" ">
    <subfield code="b">Calculus</subfield>
  </datafield>
  <datafield tag="942" ind1=" " ind2=" ">
    <subfield code="2">lcc</subfield>
    <subfield code="c">BK</subfield>
  </datafield>
  <datafield tag="999" ind1=" " ind2=" ">
    <subfield code="c">7432</subfield>
    <subfield code="d">14932</subfield>
  </datafield>
  <datafield tag="952" ind1=" " ind2=" ">
    <subfield code="0">0</subfield>
    <subfield code="1">0</subfield>
    <subfield code="2">lcc</subfield>
    <subfield code="4">0</subfield>
    <subfield code="7">0</subfield>
    <subfield code="8">NFIC</subfield>
    <subfield code="a">WIUC-1</subfield>
    <subfield code="b">WIUC-1</subfield>
    <subfield code="c">GEN</subfield>
    <subfield code="d">2019-11-20</subfield>
    <subfield code="o">QA303.2.R21</subfield>
    <subfield code="p">K/2649/2649/19</subfield>
    <subfield code="r">2020-07-03 00:00:00</subfield>
    <subfield code="w">2020-07-03</subfield>
    <subfield code="y">BK</subfield>
  </datafield>
</record>
